Statistics for New South Wales Trivia

Click here to take the quiz!

General Stats

  • This quiz has been taken 227 times
    (199 since last reset)
  • The average score is 13 of 20

Answer Stats

HintAnswer% Correct
State capitalSydney
99%
Event hosted by that city in 2000Summer Olympics
95%
Most famous beach of the aboveBondi Beach
87%
What the C in ACT stands forCapital
85%
British explorer who named NSWJames Cook
82%
Seas that border NSWTasman Sea
76%
River on the Victoria borderMurray River
74%
About 234,500 of the residents
were born in this country
China
74%
Second biggest cityNewcastle
70%
Mountain range near that cityBlue Mountains
69%
Third biggest cityWollongong
67%
Egg-laying state animalPlatypus
67%
Tallest mountain in AustraliaMount Kosciuszko
65%
Where the First Fleet landed firstBotany Bay
62%
Seas that border NSWCoral Sea
53%
Longest river entirely in NSWDarling River
40%
City that sits adjacent to
Queensland's Gold Coast
Tweed Heads
40%
Range where the above is locatedSnowy Mountains
38%
State nicknameThe {First} State
34%
City of University of NSWKensington
20%

Score Distribution

Percentile by Number Answered

Percent of People with Each Score

Your Score History

You have not taken this quiz since the last reset